History of economic ideas (Record no. 21197)

MARC details
000 -LEADER
fixed length control field 00275nam a2200109Ia 4500
082 ## - DEWEY DECIMAL CLASSIFICATION NUMBER
Classification number 330.8
Item number LEK
100 ## - MAIN ENTRY--AUTHOR NAME
Personal name LEKACHMAN, R
245 #0 - TITLE STATEMENT
Title History of economic ideas
260 ## - PUBLICATION, DISTRIBUTION, ETC. (IMPRINT)
Place of publication Delhi
Name of publisher Universal Book Stall
Year of publication 1967
942 ## - ADDED ENTRY ELEMENTS (KOHA)
Koha item type Books
Holdings
Withdrawn status Lost status Damaged status Not for loan Home library Current library Date acquired Full call number Accession Number Koha item type
        RRII Library RRII Library 16/12/2021 330.8 LEK 01917 Books